• 首页
  • 本馆介绍
  • 公告通知
  • 最新文献
  • 馆藏检索
  • 电子资源
  • 读者导购
  • 参考咨询
  • 我的图书馆
  • 登录
  • 详细信息显示
  • 放入我的书架
  • 预约/预借图书
  • 作者相关作品
  • 分类相关作品
  • 丛书相关作品
  • 出版社相关作品

书目信息

  • 表格格式
  • 工作单格式
  • 卡片格式
题名:
工厂供电设计指导
    
 
作者: 刘介才 编
分册:  
出版信息: 北京   机械工业出版社  2016.09
页数: 236页
开本: 26cm
丛书名:
单 册:
中图分类: TM727.3
科图分类:
主题词: 工厂--供电--设计--高等教育--教学参考资料
电子资源:
ISBN: 978-7-111-54999-4
000 01000nam0 2200241 450
001 2353572744
005 20231224145324.90
010    @a978-7-111-54999-4@d33.00CNY
100    @a20170223d2016 em y0chiy0120 ea
101 0  @achi
102    @aCN@b110000
105    @ay z 000yy
200 1  @a工厂供电设计指导@Agong chang gong dian she ji zhi dao@f刘介才编
205    @a3版
210    @a北京@c机械工业出版社@d2016.09
215    @a236页@d26cm
300    @a普通高等教育“十三五”规划教材
330    @a本书分12章介绍了供电设计的基本知识,包括设计依据的主要技术标准和常用的图形符号、文字符号等;讲述了负荷计算和无功功率补偿、变配电所及主变压器的选择、变配电所主接线方案的设计、短路计算及一次设备的选择、继电保护及二次回路选择、变配电所及柴油发电机房的布置与结构设计、供配电线路设计与计算、防雷保护和接地装置设计等。
606 0  @a工厂@x供电@x设计@x高等教育@j教学参考资料
690    @aTM727.3@v5
701  0 @a刘介才@Aliu jie cai@4编
801  2 @aCN@b辽宁北配@c20231205
905    @aBZT@dTM727.3@e7=3
    
    工厂供电设计指导/刘介才编.-3版.-北京:机械工业出版社,2016.09
    236页;26cm
    普通高等教育“十三五”规划教材
    
    ISBN 978-7-111-54999-4:33.00CNY
    本书分12章介绍了供电设计的基本知识,包括设计依据的主要技术标准和常用的图形符号、文字符号等;讲述了负荷计算和无功功率补偿、变配电所及主变压器的选择、变配电所主接线方案的设计、短路计算及一次设备的选择、继电保护及二次回路选择、变配电所及柴油发电机房的布置与结构设计、供配电线路设计与计算、防雷保护和接地装置设计等。
●
相关链接 在五车中查询图书 在当当中查询图书 在豆瓣中查询图书


正题名:工厂供电设计指导     索取号:TM727.3/7=3         预约/预借

序号 登录号 条形码 馆藏地/架位号 状态 备注
1 2001701206   2001701206   辽三/辽宁北配(第三批)/3949/ [索取号:TM727.3/7=3] 在馆    
2 2001701207   2001701207   辽三/辽宁北配(第三批)/3949/ [索取号:TM727.3/7=3] 在馆    
3 2001701208   2001701208   辽三/辽宁北配(第三批)/3949/ [索取号:TM727.3/7=3] 在馆    
4 2001701209   2001701209   辽三/辽宁北配(第三批)/3949/ [索取号:TM727.3/7=3] 在馆    
5 2001701210   2001701210   辽三/辽宁北配(第三批)/3949/ [索取号:TM727.3/7=3] 在馆    
6 2001701211   2001701211   辽三/辽宁北配(第三批)/3949/ [索取号:TM727.3/7=3] 在馆    
7 2001701212   2001701212   辽三/辽宁北配(第三批)/3949/ [索取号:TM727.3/7=3] 在馆    
8 2001701213   2001701213   辽三/辽宁北配(第三批)/3949/ [索取号:TM727.3/7=3] 在馆    
9 2001701214   2001701214   辽三/辽宁北配(第三批)/3949/ [索取号:TM727.3/7=3] 在馆    
10 2001701215   2001701215   辽三/辽宁北配(第三批)/3949/ [索取号:TM727.3/7=3] 在馆    
11 2001701216   2001701216   辽三/辽宁北配(第三批)/3949/ [索取号:TM727.3/7=3] 在馆    
12 2001701217   2001701217   辽三/辽宁北配(第三批)/3949/ [索取号:TM727.3/7=3] 在馆    
13 2001701218   2001701218   辽三/辽宁北配(第三批)/3949/ [索取号:TM727.3/7=3] 在馆    
14 2001701219   2001701219   辽三/辽宁北配(第三批)/3949/ [索取号:TM727.3/7=3] 在馆    
15 2001701220   2001701220   辽三/辽宁北配(第三批)/3949/ [索取号:TM727.3/7=3] 在馆    
16 2001701221   2001701221   辽三/辽宁北配(第三批)/3949/ [索取号:TM727.3/7=3] 在馆    
17 2001701222   2001701222   辽三/辽宁北配(第三批)/3949/ [索取号:TM727.3/7=3] 在馆    
18 2001701223   2001701223   辽三/辽宁北配(第三批)/3949/ [索取号:TM727.3/7=3] 在馆    
19 2001701224   2001701224   辽三/辽宁北配(第三批)/3949/ [索取号:TM727.3/7=3] 在馆    
20 2001701225   2001701225   辽三/辽宁北配(第三批)/3949/ [索取号:TM727.3/7=3] 在馆    
21 2001701226   2001701226   辽三/辽宁北配(第三批)/3949/ [索取号:TM727.3/7=3] 在馆    
22 2001701227   2001701227   辽三/辽宁北配(第三批)/3949/ [索取号:TM727.3/7=3] 在馆    
23 2001701228   2001701228   辽三/辽宁北配(第三批)/3949/ [索取号:TM727.3/7=3] 在馆    
24 2001701229   2001701229   辽三/辽宁北配(第三批)/3949/ [索取号:TM727.3/7=3] 在馆    
25 2001701230   2001701230   辽三/辽宁北配(第三批)/3949/ [索取号:TM727.3/7=3] 在馆    
26 2001701231   2001701231   辽三/辽宁北配(第三批)/3949/ [索取号:TM727.3/7=3] 在馆    
27 2001701232   2001701232   辽三/辽宁北配(第三批)/3949/ [索取号:TM727.3/7=3] 在馆    
28 2001701233   2001701233   辽三/辽宁北配(第三批)/3949/ [索取号:TM727.3/7=3] 在馆    
29 2001701234   2001701234   辽三/辽宁北配(第三批)/3949/ [索取号:TM727.3/7=3] 在馆    
30 2001701235   2001701235   辽三/辽宁北配(第三批)/3949/ [索取号:TM727.3/7=3] 在馆    
山东省滨州职业学院图书馆 欢迎您!
大连网信软件有限公司© 版权所有